Countries by Average Age #1 - Statistics

General Stats
  • This quiz has been taken 15 times
  • The average score is 10 of 15
Answer Stats
Age Country % Correct
45.7 Germany
89%
14.8 Niger
89%
40.2 United Kingdom
89%
38.3 United States of America
89%
47.3 Italy
78%
48.4 Japan
78%
41.4 Canada
67%
38.4 China
67%
28.4 India
67%
42.2 Portugal
67%
39.6 Russia
67%
30 United Arab Emirates
56%
29.4 Kazakhstan
33%
31.7 Qatar
33%
38.2 Slovakia
11%
No matching quizzes found
Score Distribution
Percent of People with Each Score
Percentile by Number Answered
Your Score History
You have not taken this quiz